000 00655nam a2200217Ia 4500
003 OSt
005 20220926033859.0
006 a|||||r|||| 00| 0
007 ta
008 220923b |||||||| |||| 00| 0 eng d
037 _cGeneral Book
040 _aRTL
_cRTL
_beng
041 _2eng
_aeng
082 _aU43p1(X),N68, L3
245 0 _aProceedings. Ed by R L Singh
260 _aVaranasi
_bN G S I
_c1973
300 _axviii, 371p
_ccm.
490 _aNational Geographical Society of India, Publication. Twenty First International Geographical Congress
942 _hU43p1(X),N68, L3
_cGB
_2CC
999 _c658174
_d658174